Pathummayude Adu (Record no. 124269)
[ view plain ]
| 000 -LEADER | |
|---|---|
| fixed length control field | 00441nam a2200145Ia 4500 |
| 008 - FIXED-LENGTH DATA ELEMENTS--GENERAL INFORMATION | |
| fixed length control field | 211122s9999||||xx |||||||||||||| ||und|| |
| 082 ## - DEWEY DECIMAL CLASSIFICATION NUMBER | |
| Classification number | 894.8123 |
| Item number | BAS-P |
| 100 ## - MAIN ENTRY--PERSONAL NAME | |
| Personal name | Basheer, Vaikom Muhammad |
| 245 #0 - TITLE STATEMENT | |
| Title | Pathummayude Adu |
| 260 ## - PUBLICATION, DISTRIBUTION, ETC. | |
| Name of publisher, distributor, etc. | Sahityapravarthaka Sangom |
| Place of publication, distribution, etc. | Kottayam |
| Date of publication, distribution, etc. | 1959 |
| 300 ## - PHYSICAL DESCRIPTION | |
| Extent | 122p. |
| 630 ## - SUBJECT ADDED ENTRY--UNIFORM TITLE | |
| General subdivision | General Stack |
| 650 ## - SUBJECT ADDED ENTRY--TOPICAL TERM | |
| Topical term or geographic name entry element | Malayalam Literature |
| 942 ## - ADDED ENTRY ELEMENTS (KOHA) | |
| Koha item type | BOOK |
| 650 ## - SUBJECT ADDED ENTRY--TOPICAL TERM | |
| Form subdivision | Malayalam FictionMalayalam NovelsShort StoriesGeneralia |
| Withdrawn status | Lost status | Damaged status | Not for loan | Home library | Current library | Date acquired | Cost, normal purchase price | Total Checkouts | Full call number | Barcode | Shelving location | Date due | Date last seen | Date last checked out | Price effective from | Koha item type |
|---|---|---|---|---|---|---|---|---|---|---|---|---|---|---|---|---|
| SB LIBRARY | SB LIBRARY | 22/11/2021 | 95.00 | 5 | 894.8123 BAS-P | 00137919 | GENERAL STACK | 24/11/2022 | 10/11/2022 | 10/11/2022 | 22/11/2021 | BOOK |